| 000 | 00812cam a2200301 4500 | ||
|---|---|---|---|
| 001 | ABS64117 | ||
| 008 | 000000n2001 000 0 eng u | ||
| 035 | _a(Sirsi) u113588 | ||
| 245 | _aFocus 2001: Yorkshire industrial | ||
| 260 | _c2001 | ||
| 490 |
_aEstates Gazette _v(0122) 2 June 2001, 81-109(12) |
||
| 590 | _aABS | ||
| 650 | _aBARNSLEY | ||
| 650 | _aDEARNE VALLEY | ||
| 650 | _aDONCASTER | ||
| 650 | _aHULL | ||
| 650 | _aHUMBERSIDE | ||
| 650 | _aINDUSTRIAL MARKET | ||
| 650 |
_aInfrastructure _96246 |
||
| 650 | _aLEEDS | ||
| 650 | _aPORTS | ||
| 650 | _aPROPERTY-INFRASTRUCTURE-TRANSPORT INFRASTRUCTURE-ROAD INFRASTRUCTURE | ||
| 650 | _aROTHERHAM | ||
| 650 | _aSHEFFIELD | ||
| 650 | _aYORKSHIRE | ||
| 690 | _aPROPERTY-COMMERCIAL PROPERTY-COMMERCIAL PROPERTY MARKET | ||
| 942 | _n0 | ||
| 999 |
_c67678 _d67678 |
||